| Registos Bibliográficos associados ao registo de autoridade |
|
Etiqueta de registo: 00582cam 02200205 04500 001 777760 003 http://id.bnportugal.gov.pt/bib/catbnp/777760 005 19990109000000.0 095 ## $aPTBN00565360 100 ## $a19940319d1650 m y0pory0103 ba 101 0# $aita 102 ## $aIT 200 1# $aDella vita e dell'Istituto de S. Ignatio... 210 #9 $aIn Roma$cApresso Domenico Manelfi,$d1650 215 ## $a724, [17] p. 532 12 $aDella vita e dell'Istituto de Santo Ignatio... 620 ## $dRoma 700 #1 $aBartoli,$bDaniello,$f1608-1685,$cS. J.$3117421 702 #1 $aManelfi,$bDomenico,$ffl. 1649$4610$31651879 801 #0 $aPT$bBN$gRPC 966 ## $lBN$mFGMON$sH.G. 1041 A. 997 ## $aBIBEOD
Etiqueta de registo: 01504cam 02200337 04500 001 251869 003 http://id.bnportugal.gov.pt/bib/catbnp/251869 005 19991025135500.0 095 ## $aPTBN00262019 100 ## $a19901113g16491661k y0pory0103 ba 101 0# $alat 102 ## $aIT 106 ## $ar 200 1# $aHistoriae Societatis Iesu pars prima [-sexta]... 210 #9 $aRomae$c[s.n.],$d1649-1661 215 ## $a9 vol.$d2º (34 cm) 307 ## $aInsígnias da Companhia de Jesus no rosto 307 ## $aNotas marginais 321 1# $aPalau 204235 321 1# $aSommervogel 7 col. 366 327 1# $a3ª parte: Sive Borgia. - Roma : Typis Manelfi Manelfij, 1649. - [4], 432, [40] p.
- Pert. ms: "funchal Comp. de Jesus"; 4ª parte: Sive Everardus. - Romae : Typis Manelfi
Manelfij, 1652. - [4], 289, [5] p. ;5ª parte: Sive Claudius. - Romae : Ex Typographia
Varesij, 1661. - [12], 550, [18] p. - Pert. ms "Da Livraria publica do Collº de Portalegre
da Compª de Jesus"$aVol. 4: Historiae Societatis Iesu pars quarta siue Euerardus. R. P. Francisco Sacchino
Societatis eiusdem Sacerdote 675 ## $a271.5(0.036)$vBN$zpor$3414030 700 #1 $aSacchini,$bFrancesco,$f1570-1625,$cS.J.$3432006 702 #1 $aManelfi,$bManelfo,$ffl. 1637-1649$4610$3433178 702 #1 $aManelfi,$bDomenico,$ffl. 1649$4610$31651879 702 #1 $aVarese,$bLazzari,$ffl. 166--167-$4610$3130841 712 02 $aCompanhia de Jesus.$bColégio de São João Evangelista$c(Funchal)$4390$31513709 712 00 $aCompanhia de Jesus$c(Portalegre)$4390$3433180 801 #0 $aPT$bBN$gRPC 930 ## $lBN$mAR$dRES. 2418-2420 A. 966 ## $dVol. 1$lBN$mRESIMP$nEnc. em perg.$sRES. 2418 A. 966 ## $dVol. 2$lBN$mRESIMP$nEnc. em perg.$sRES. 2420 A. 997 ## $aBIBEOD
Etiqueta de registo: 00254nam 2200025 450 001 1936945 003 http://id.bnportugal.gov.pt/bib/catbnp/1936945 100 ## $a20160718d m y0pory01030103ba 101 0# $alat 102 ## $aIT 105 ## $ay z 000yy 106 ## $ar 200 1# $aVindicationes Societatis Iesu quibus multorum accusationes in eius institutum, leges,
gymnasia, mores refelluntur. Auctore Sfortia Pallauicino eiusdem Societatis sacerdote 210 #9 $aRomae$ctypis Dominici Manelphi,$d1649 215 ## $a[12], 407, [13] p.$d4º (24 cm) 620 ## $dRoma 700 #1 $aPallavicino,$bSforza,$f1607-1667,$cS.J.$399740 702 #1 $aManelfi,$bDomenico,$ffl. 1649$4610$31651879 801 #0 $aPT$bBN$gRPC 966 ## $lBN$mFGMON$sH.G. 2936 P. 997 ## $aBIBEOD
Etiqueta de registo: 00254nam 2200025 450 001 1960558 003 http://id.bnportugal.gov.pt/bib/catbnp/1960558 100 ## $a20170420d1752 m y0pory01030103ba 101 0# $alat 102 ## $aIT 105 ## $ay z 000yy 106 ## $ar 200 1# $aLucii Camarrae Marrucini Teatini... De Teate antiquo Marrucinorum in Italia metropoli
libri tres ad Emin.mum Principem Hieronymum Card. Columnam 210 #9 $aRomae$cex Typographia Dominici Manelfii,$d1752 215 ## $a[16], 233, [23] p.$d4º (22 cm) 307 ## $aAnterrosto 620 ## $dRoma 700 #1 $aCamarra,$bLucio,$f1596-1656,$cC.R.$31678635 702 #1 $aManelfi,$bDomenico,$ffl. 1649$4610$31651879 801 #0 $aPT$bBN$gRPC 966 ## $lBN$mFGMON$sH.G. 7402 P. 997 ## $aBIBEOD
Etiqueta de registo: 00254nam 2200025 450 001 2191573 003 http://id.bnportugal.gov.pt/bib/catbnp/2191573 100 ## $a20241017d1650 k y0pory01030103ba 101 0# $alat 102 ## $aIT 105 ## $ay z 000yy 106 ## $ar 200 1# $aRoberti Bellarmini s.r.e. cardinalis e Societati Iesu Epistolae familiares 210 #9 $aRomae$c typis Dominici Manelphij,$d1650 215 ## $a[24], 442, [2] p.$d12º (14 cm) 304 ## $aGiacomo Fuligatti aparece no prefácio como editor literário 307 ## $aCapitais e frisos xilogr. 307 ## $aReclamos 307 ## $aAssin.: ✝//12, A-S//12, T//6 307 ## $aInsignia jesuíta na f. de rosto 321 1# $aICCU IT\ICCU\VIAE\002969 517 1# $aEpistolae familiares 620 ## $dRoma 700 #0 $aRoberto Belarmino,$cSanto,$f1542-1621,$cS.J.$371475 702 #1 $aFuligatti,$bGiacomo,$f1577-1653,$cS.J.$4340$3239873 702 #1 $aManelfi,$bDomenico,$ffl. 1649$4610$31651879 801 #0 $aPT$bBN$gRPC 966 ## $lBN$mFGMON$sP. 1561 P. 971 ## $ccasilva$d20241017 997 ## $aBIBEOD
Etiqueta de registo: 00254nam 2200025 450 001 2228146 003 http://id.bnportugal.gov.pt/bib/catbnp/2228146 100 ## $a20251006d1671 m y0pory01030103ba 101 0# $apor 102 ## $aIT 105 ## $ay z 000yy 106 ## $ar 200 1# $aDeuoçam do monte do diuino amor, em Napoles, instituida por soror Maria de Villani$einstrucçam pera a ditta deuoçam 210 #9 $aEm Roma$cpelo Manelfi,$d1651 ;$aEm Nap[oles]$cpelo Bonis...,$d1671 215 ## $a[1] f.$d2º (31 cm) 306 ## $aPé de imprensa no cólofon 518 1# $aDevoção do monte do divino amor, em Nápoles, instituída por soror Maria de Villani 620 ## $dRoma 620 ## $dNápoles 702 #1 $aManelfi,$bDomenico,$ffl. 1649$4610$31651879 702 #1 $aDe Bonis,$bNovello,$ffl. 1659-1701$4610$3159447 801 #0 $aPT$bBN$gRPC 966 ## $lBN$mRESARQ$sA.T. 42b, f. 60 971 ## $cpmesqui$d20251006 997 ## $aBIBEOD
Etiqueta de registo: 00254nam 2200025 450 001 2284664 003 http://id.bnportugal.gov.pt/bib/catbnp/2284664 100 ## $a20260417d1651 m y0pory01030103ba 101 0# $alat 102 ## $aIT 105 ## $aa z 000yy 106 ## $ar 200 1# $aIsidori Archiepiscopi Thessalonicensis Mariale. Quo eiusdem Isidori de Maria Deipara
Virgine Praeclara Monumenta, ex Graeco M. S. Codice Bibliothecae Vaticanae eruta,
Latinè reddita, Notisque illustrata$enunc primò legentium oculis exhibentur$fstudio, ac labore P. Hippolyti Marraccii Lucensis... 210 #9 $aRomae$ctypis Dominici Manelphij,$d1651 215 ## $a[24], 246 [i.e. 250], [22] p.$d8º (17 cm) 306 ## $aNo cólofon: "Romae : ex typographia Dominici Manelphij, 1651" 307 ## $aRetrato calcogr. do autor a anteceder a f. de rosto 307 ## $aErros de pagin.: repetida a numeração das p. 157-160; p. 245 numerada 145 307 ## $aAssin.: a//12, A-R//8 312 ## $aTít. no anterrosto: Mariale Isidori Archiepiscopi Thessalonicensis 316 ## $aEnc. em pergaminho. - Exemplar em mau estado$5PTBN: R. 1762//1 P. 317 ## $aPert. na f. de rosto: "Livraria de Alcobaça" (carimbo)$5PTBN: R. 1762//1 P. 321 ## $aICCU IT\ICCU\BVEE\050842 500 10 $aMariale, quo eiusdem Isidori de Maria Deipara Virgine praeclara monumenta 517 1# $aMariale Isidori Archiepiscopi Thessalonicensis 620 ## $dRoma 700 #1 $aIsidorus Kiovensis,$f1380-1463$31996155 702 #1 $aMarracci,$bIppolito,$f1604-1675,$cC.R.$4340$31996157 702 #1 $aManelfi,$bDomenico,$ffl. 1649$4610$31651879 712 02 $aOrdem de Cister.$bMosteiro de Santa Maria$c(Alcobaça)$4390$38402 801 #0 $aPT$bBN$gRPC 856 40 $2Cópia digital disponível em Google Books$uhttps://books.google.pt/books?id=IeD8pKKKJoEC&hl=pt-PT&pg=PP5#v=onepage&q&f=false 966 ## $lBN$mFGMON$sR. 1762//1 P. 971 ## $cpmesqui$d20260417 997 ## $aBIBEOD
|
|
|